<?xml version="1.0" encoding="UTF-8"?>
<record
    xmlns:xsi="http://www.w3.org/2001/XMLSchema-instance"
    xsi:schemaLocation="http://www.loc.gov/MARC21/slim http://www.loc.gov/standards/marcxml/schema/MARC21slim.xsd"
    xmlns="http://www.loc.gov/MARC21/slim">

  <leader>00360nam a22001577a 4500</leader>
  <controlfield tag="003">SGT</controlfield>
  <datafield tag="020" ind1=" " ind2=" ">
    <subfield code="a">9788131248720</subfield>
  </datafield>
  <datafield tag="082" ind1=" " ind2=" ">
    <subfield code="a">615.321</subfield>
    <subfield code="b">P17S</subfield>
  </datafield>
  <datafield tag="100" ind1=" " ind2=" ">
    <subfield code="a">Tara V Shanbhag</subfield>
  </datafield>
  <datafield tag="245" ind1=" " ind2=" ">
    <subfield code="a">Pharmacology For Dentistry</subfield>
  </datafield>
  <datafield tag="250" ind1=" " ind2=" ">
    <subfield code="a">3RD</subfield>
  </datafield>
  <datafield tag="260" ind1=" " ind2=" ">
    <subfield code="a">NEW DELHI</subfield>
    <subfield code="b"> Elsevier India Pvt.Ltd</subfield>
    <subfield code="c">2017</subfield>
  </datafield>
  <datafield tag="300" ind1=" " ind2=" ">
    <subfield code="a">417</subfield>
  </datafield>
  <datafield tag="650" ind1=" " ind2=" ">
    <subfield code="a">Pharmacology</subfield>
  </datafield>
  <datafield tag="942" ind1=" " ind2=" ">
    <subfield code="2">ddc</subfield>
    <subfield code="c">BK</subfield>
    <subfield code="0">46</subfield>
  </datafield>
  <datafield tag="952" ind1=" " ind2=" ">
    <subfield code="0">0</subfield>
    <subfield code="1">0</subfield>
    <subfield code="2">ddc</subfield>
    <subfield code="4">0</subfield>
    <subfield code="7">0</subfield>
    <subfield code="a">FD</subfield>
    <subfield code="b">FD</subfield>
    <subfield code="c">TXT</subfield>
    <subfield code="d">2018-06-13</subfield>
    <subfield code="e">ABC</subfield>
    <subfield code="g">745.00</subfield>
    <subfield code="i">SGTU</subfield>
    <subfield code="l">44</subfield>
    <subfield code="o">615.321 P17S</subfield>
    <subfield code="p">FD7608</subfield>
    <subfield code="r">2025-10-10 00:00:00</subfield>
    <subfield code="s">2025-07-29</subfield>
    <subfield code="w">2018-05-15</subfield>
    <subfield code="y">BK</subfield>
    <subfield code="k">9730</subfield>
  </datafield>
  <datafield tag="952" ind1=" " ind2=" ">
    <subfield code="0">0</subfield>
    <subfield code="1">0</subfield>
    <subfield code="2">ddc</subfield>
    <subfield code="4">0</subfield>
    <subfield code="7">0</subfield>
    <subfield code="a">FD</subfield>
    <subfield code="b">FD</subfield>
    <subfield code="c">TXT</subfield>
    <subfield code="d">2018-06-13</subfield>
    <subfield code="e">ABC</subfield>
    <subfield code="g">745.00</subfield>
    <subfield code="i">SGTU</subfield>
    <subfield code="l">25</subfield>
    <subfield code="m">1</subfield>
    <subfield code="o">615.321 P17S</subfield>
    <subfield code="p">FD7609</subfield>
    <subfield code="r">2025-08-06 00:00:00</subfield>
    <subfield code="s">2025-07-04</subfield>
    <subfield code="w">2018-05-15</subfield>
    <subfield code="y">BK</subfield>
    <subfield code="k">9730</subfield>
  </datafield>
  <datafield tag="952" ind1=" " ind2=" ">
    <subfield code="0">0</subfield>
    <subfield code="1">0</subfield>
    <subfield code="2">ddc</subfield>
    <subfield code="4">0</subfield>
    <subfield code="7">0</subfield>
    <subfield code="a">FD</subfield>
    <subfield code="b">FD</subfield>
    <subfield code="c">TXT</subfield>
    <subfield code="d">2018-06-13</subfield>
    <subfield code="e">ABC</subfield>
    <subfield code="g">745.00</subfield>
    <subfield code="i">SGTU</subfield>
    <subfield code="l">30</subfield>
    <subfield code="o">615.321 P17S</subfield>
    <subfield code="p">FD7610</subfield>
    <subfield code="r">2025-08-07 00:00:00</subfield>
    <subfield code="s">2025-07-04</subfield>
    <subfield code="w">2018-05-15</subfield>
    <subfield code="y">BK</subfield>
    <subfield code="k">9730</subfield>
  </datafield>
  <datafield tag="952" ind1=" " ind2=" ">
    <subfield code="0">0</subfield>
    <subfield code="1">0</subfield>
    <subfield code="2">ddc</subfield>
    <subfield code="4">0</subfield>
    <subfield code="7">0</subfield>
    <subfield code="a">FD</subfield>
    <subfield code="b">FD</subfield>
    <subfield code="c">TXT</subfield>
    <subfield code="d">2018-06-13</subfield>
    <subfield code="e">ABC</subfield>
    <subfield code="g">745.00</subfield>
    <subfield code="i">SGTU</subfield>
    <subfield code="l">43</subfield>
    <subfield code="o">615.321 P17S</subfield>
    <subfield code="p">FD7611</subfield>
    <subfield code="r">2025-10-07 00:00:00</subfield>
    <subfield code="s">2025-07-01</subfield>
    <subfield code="w">2018-05-15</subfield>
    <subfield code="y">BK</subfield>
    <subfield code="k">9730</subfield>
  </datafield>
  <datafield tag="999" ind1=" " ind2=" ">
    <subfield code="c">15546</subfield>
    <subfield code="d">15546</subfield>
  </datafield>
</record>
